Statistics for Biggest Movies Ever

Click here to take the quiz!

General Stats

  • This quiz has been taken 33 times
  • The average score is 6 of 15

Answer Stats

HintAnswer% Correct
$6.7 billionStar Wars
89%
$9.3 billionMarvel Cinematic Universe
81%
$7.7 billionHarry Potter
63%
$5 billionJames Bond
56%
$3.8 billionFast and Furious
48%
$3.6 billionJurassic Park
44%
$1.9 billionIndiana Jones
41%
$1.9 billionToy Story
41%
$2 billionSpider Man
37%
$2.78 billionMission: Impossible
30%
$3.7 billionPirates of the Caribbean
26%
$3.8 billionX-Men
19%
$3.7 billionTransformers
15%
$2.8 billionIce Age
11%
$2.7 billionDespicable Me
4%

Score Distribution

Percentile by Number Answered

Percent of People with Each Score

Your Score History

You have not taken this quiz